00374nam a2200133Ia 4500008004100000040001600041041001200057082001700069100001400086245007300100250001200173260004000185300001500225230917s9999||||xx |||||||||||||| ||und|| e68507aMAIN aEnglish a330.156 S75I aSeth, M L 0aIntroduction to Keynesian economics: The modern theory of employment a8th ed. aAgrabLakshmi Narain Aggarwalc1974 axv, 334 p.